Finding a vision for your church: (Record no. 19555)

MARC details
000 -LEADER
fixed length control field 00455nam a22001577a 4500
008 - FIXED-LENGTH DATA ELEMENTS--GENERAL INFORMATION
fixed length control field 220923b |||||||| |||| 00| 0 eng d
020 ## - INTERNATIONAL STANDARD BOOK NUMBER
International Standard Book Number 1596384385
050 ## - LIBRARY OF CONGRESS CALL NUMBER
Classification number BV600.3
Item number .M55 2012 C.1
100 ## - MAIN ENTRY--PERSONAL NAME
Personal name Milton, Michael A.
245 ## - TITLE STATEMENT
Title Finding a vision for your church:
Remainder of title Assembly required/
Statement of responsibility, etc. Michael A. Milton
260 ## - PUBLICATION, DISTRIBUTION, ETC. (IMPRINT)
Place of publication, distribution, etc. New Jersey
Name of publisher, distributor, etc. P&R publishing
Date of publication, distribution, etc. 2012
300 ## - PHYSICAL DESCRIPTION
Extent 244p.
650 ## - SUBJECT ADDED ENTRY--TOPICAL TERM
Topical term or geographic name as entry element Church renewal
650 ## - SUBJECT ADDED ENTRY--TOPICAL TERM
Topical term or geographic name as entry element Christian life
942 ## - ADDED ENTRY ELEMENTS (KOHA)
Source of classification or shelving scheme Library of Congress Classification
Koha item type General Collection
Holdings
Withdrawn status Lost status Source of classification or shelving scheme Not for loan Home library Current library Date acquired Cost, normal purchase price Inventory number Total Checkouts Full call number Barcode Date last seen Copy number Price effective from Koha item type
    Library of Congress Classification   Kabarak, Main Campus Kabarak, Main Campus 23/09/2022 800.00 0556/2022   BV600.3 .M55 2012 C.1 031966 02/08/2024 C.1 23/09/2022 General Collection
Designed with assistance from East African Informatics Ltd